| 000 | 01146nac a22003017a 4500 | ||
|---|---|---|---|
| 001 | BR8603099 | ||
| 003 | BR-BrBNA | ||
| 005 | 20240105120433.0 | ||
| 008 | 230509b bl.|||m| |||| 00| 0 por d | ||
| 040 |
_aBR-BrBNA _bpor _cBiblioteca Nacional de Agricultura |
||
| 072 | _aP10 | ||
| 090 | _aP10 BR8603099 | ||
| 100 | 1 | _aSalazar, C.R.V. | |
| 100 | 1 | _aCordeiro, G.G. | |
| 110 | 1 | _aCentro de Pesquisa Agropecuaria do Tropico Semi-Arido, Petrolina, PE (Brasil) | |
| 245 | 1 | _aPerspectivas do uso das aguas subterraneas do embasamento cristalino no nordeste semi-arido do Brasil | |
| 246 | 1 | _aUtilization perspectives of saline groundwater from crystalline basement rock in the semi-arid northeast of Brazil | |
| 260 | 3 |
_aPetrolina, PE (Brasil): _c1985. |
|
| 300 | _a40 p. | ||
| 490 |
_aDocumentos - Centro de Pesquisa Agropecuaria do Tropico Semi-Arido (Brazil) _vno. 39 _xISSN 0100-9729 |
||
| 500 | _a9 graphs; 21 ref.; Summaries (En, Pt) | ||
| 650 | _aAGUAS SUBTERRANEAS | ||
| 650 | _aMANEJO | ||
| 650 | _aZONA SEMI-ARIDA | ||
| 650 | _aREGIAO NORDESTE | ||
| 909 |
_a202312 _bLúcia Elande _c55 _dLúcia Elande |
||
| 942 |
_2AGRIS _n0 _cMS |
||
| 999 |
_c279433 _d279433 |
||